ბათუმის შოთა რუსთაველის სახელმწიფო უნივერსიტეტის ბიბლიოთეკა

ძმები კარამაზოვები : რომანი 4 ნაწილად ეპილოგით. ტ.1 / (ბიბ.ჩანაწერი № 49624)

000 -ლიდერი
ფიქსირებული სიგრძის საკონტროლო ველი 01781nam a2200301Ia 4500
001 - საკონტროლო ნომერი
საკონტროლო ველი 16556
003 - საკონტროლო ნომრის იდენტიფიკატორი
საკონტროლო ველი GE_BSU
005 - ბოლო ოპერაციის თარიღი და დრო
საკონტროლო ველი 20250127122510.0
008 - ფიქსირებული სიგრძის მონაცემთა ელემენტები - ზოგადი ინფორმაცია
ფიქსირებული სიგრძის საკონტროლო ველი 181216s2012||||ge |||||||||||||| ||geo||
020 ## - წიგნის საერთაშორისო სტანდარტული ნომერი
International Standard Book Number 978-9941-196782
040 ## - კატალოგიზაციის წყარო
Transcribing agency GE_BSU
041 ## - ენის კოდი
Language code of text/sound track or separate title დ-77
080 ## - უნივერსალური ათობითი კლასიფიკაციის ინდექსი
Universal Decimal Classification number 821.161.1-31
100 ## - მთავარი ჩანაწერი - პიროვნების სახელი
Personal name დოსტოევსკი, ფ. (ფიოდორ, 1821-1881)
9 (RLIN) 24130
245 ## - ცნობა სათაურის შესახებ
Title ძმები კარამაზოვები : რომანი 4 ნაწილად ეპილოგით. ტ.1 /
Remainder of title ფიოდორ დოსტოევსკი ; მზია გელაშვილისა და ანა აბულაშვილის თარგმანი ; რედაქტორი ელენე სალარიძე ; ყდის დიზაინი ეთერ გზირიშვილი.
264 ## - წარმოების, გამოცემის, დისტრიბუციის და სხვა ცნობები
გამოცემის, წარმოების, დისტრიბუციის... ადგილი თბილისი :
გამოცემის, წარმოების, დისტრიბუციის... სახელწოდება პალიტრა L,
გამოცემის, წარმოების, დისტრიბუციის... თარიღი 2012.
300 ## - ფიზიკური აღწერა
Extent 432 გვ. ;
Dimensions 21 სმ.
490 ## - სერიის ცნობა
Series statement წიგნი, რომელიც უნდა წაიკითხო, სანამ ცოცხალი ხარ, 1987-9628
Volume number/sequential designation წ. 25
500 ## - ზოგადი შენიშვნა
General note შენიშვნები : გვ. 428–429
653 ## - INDEX TERM--UNCONTROLLED
Uncontrolled term რომანი
653 ## - INDEX TERM--UNCONTROLLED
Uncontrolled term ძმები კარამაზოვები
700 ## - ADDED ENTRY--PERSONAL NAME
Personal name გელაშვილი, მ. (მზია)
Relator term მთარგმნელი
9 (RLIN) 24131
700 ## - ADDED ENTRY--PERSONAL NAME
Personal name აბულაშვილი, ა. (ანა)
Relator term მთარგმნელი
9 (RLIN) 24132
700 ## - ADDED ENTRY--PERSONAL NAME
Personal name სალარიძე, ე. (ელენე)
Relator term რედაქტორი
9 (RLIN) 22205
700 ## - ADDED ENTRY--PERSONAL NAME
Personal name გზირიშვილი, ე. (ეთერ)
Relator term ყდის დიზაინერი
9 (RLIN) 22206
942 ## - ADDED ENTRY ELEMENTS (KOHA)
Koha item type წიგნი
Source of classification or shelving scheme
ეგზემპლარები
ჩამოწერის სტატუსი დაკარგული ეგზემპლარის სტატუსი კლასიფიკაციის წყარო ან თაროზე გაწყობის სქემა დაზიანების სტატუსი არ გაიცემა მუდმივი მდებარეობა (დაცვის ადგილი) ამჟამინდელი ადგილსამყოფელი თაროზე განთავსების ადგილი შეძენის თარიღი ღირებულება, შესყიდვის ნორმალური ფასი სრული შენახვის შიფრი შტრიხკოდი ბოლო ოპერაციის თარიღი ეგზემპლარის მიმდევრობითი ნომერი (კეტერი?) ფასის ძალაში შესვლის თარიღი ეგზემპლარის სახეობა საჯარო შენიშვნა
          ბათუმის შოთა რუსთაველის სახელმწიფო უნივერსიტეტის მთავარი ბიბლიოთეკა ბათუმის შოთა რუსთაველის სახელმწიფო უნივერსიტეტის მთავარი ბიბლიოთეკა წიგნსაცავი 2018-12-17 12.00 821.161.1-31 27640 2018-12-17 27640 2018-12-17 წიგნი 12.00 ₾.
          ბათუმის შოთა რუსთაველის სახელმწიფო უნივერსიტეტის მთავარი ბიბლიოთეკა ბათუმის შოთა რუსთაველის სახელმწიფო უნივერსიტეტის მთავარი ბიბლიოთეკა წიგნსაცავი 2018-12-17 12.50 821.161.1-31 27641 2018-12-17 27641 2018-12-17 წიგნი 12.50 ₾.